| 000 | 00754nam a22002415i 4500 | ||
|---|---|---|---|
| 001 | 20949866 | ||
| 003 | OSt | ||
| 005 | 20240902152530.0 | ||
| 008 | 190426s2019 mou 000 0 eng | ||
| 020 | _a9780323553643 (paperback.) | ||
| 040 |
_aNUST _beng _erda _cNUST _dNUST |
||
| 050 | _aRM388.RAU | ||
| 100 | 1 | _aGardenhire, Douglas S. | |
| 245 | 1 | 0 |
_aRau's respiratory care pharmacology / _cDouglas S. Gardenhire. |
| 250 | _a10th edition. | ||
| 260 |
_aSt. louis Missouri _bElservier _c©2020 |
||
| 300 |
_axii,465pages : _billustration ; _c26 cm |
||
| 336 |
_atext _btxt _2rdacontent |
||
| 337 |
_aunmediated _bn _2rdamedia |
||
| 338 |
_avolume _bnc _2rdacarrier |
||
| 504 | _aIncludes Index. | ||
| 942 |
_2lcc _n0 _cBOOKS _eTenth edition _hRM388. _kRM _mRAU |
||
| 999 |
_c170994 _d170994 |
||